State building : (Record no. 15681)

000 -LEADER
fixed length control field 01470nam a2200193 a 4500
001 - CONTROL NUMBER
control field ASIN1861977816
005 - DATE AND TIME OF LATEST TRANSACTION
control field 20170105102923.0
008 - FIXED-LENGTH DATA ELEMENTS--GENERAL INFORMATION
fixed length control field 131209s2004 xxu eng d
020 ## - INTERNATIONAL STANDARD BOOK NUMBER
International Standard Book Number 1861977816 (hardcover)
020 ## - INTERNATIONAL STANDARD BOOK NUMBER
International Standard Book Number 9781861977816 (hardcover)
040 ## - CATALOGING SOURCE
Original cataloging agency 0
100 1# - MAIN ENTRY--PERSONAL NAME
Personal name Fukuyama, Francis.
245 10 - TITLE STATEMENT
Title State building :
Remainder of title governance and world order in the twenty-first century /
Statement of responsibility, etc. Francis Fukuyama.
260 ## - PUBLICATION, DISTRIBUTION, ETC.
Place of publication, distribution, etc. [S.l.] :
Name of publisher, distributor, etc. Profile Books Ltd,
Date of publication, distribution, etc. 2004.
300 ## - PHYSICAL DESCRIPTION
Extent 208 p. ;
Dimensions 20 cm.
520 ## - SUMMARY, ETC.
Summary, etc. The problem of weak states and the need for state-building has existed for many years, but it has been urgent since September 11 and Afghanistan and Iraq. The formation of proper public institutions, such as an honest police force, uncorrupted courts, functioning schools and medical services and a strong civil service, is fraught with difficulties. We know how to help with resources, people and technology across borders, but state building requires methods that are not easily transported. The ability to create healthy states from nothing has suddenly risen to the top of the world agenda. State building has become a crucial matter of global security. In this hugely important book, Francis Fukuyama explains the concept of state-building and discusses the problems and causes of state weakness and its national and international effects.
856 40 - ELECTRONIC LOCATION AND ACCESS
Materials specified Amazon.com
Uniform Resource Identifier <a href="http://www.amazon.com/exec/obidos/ASIN/1861977816/chopaconline-20">http://www.amazon.com/exec/obidos/ASIN/1861977816/chopaconline-20</a>
942 ## - ADDED ENTRY ELEMENTS (KOHA)
Source of classification or shelving scheme
Koha item type Book
Holdings
Withdrawn status Lost status Damaged status Not for loan Collection code Permanent Location Current Location Shelving location Date acquired Total Checkouts Full call number Barcode Date last seen Price effective from Koha item type
          Centre for International Peace & Stability (CIPS) Centre for International Peace & Stability (CIPS) General Stacks     320.1 FUK 2004 CIPS0001482 12/09/2013 12/09/2013 Book
© 2023 Central Library, National University of Sciences and Technology. All Rights Reserved.